Visualizzazione normale
Vista MARC
- Ascott Anthony
di Personal Name
Records bibliografici associati: 1
001 - CONTROL NUMBER
- control field: 39087
003 - CONTROL NUMBER IDENTIFIER
- control field: IT-RoPau
005 - DATE AND TIME OF LATEST TRANSACTION
- control field: 20151126091633.0
008 - FIXED-LENGTH DATA ELEMENTS
- fixed length control field: 151126|| aca||aabn | a|a d
040 ## - CATALOGING SOURCE
- Original cataloging agency: IT-RoPau
- Transcribing agency: IT-RoPau
100 ## - HEADING--PERSONAL NAME
- Personal name: Ascott Anthony
- Relator term: (regista)
- Miscellaneous information: Codice regista SPICS: 38821
670 ## - SOURCE DATA FOUND
- Source citation: Work cat.: (IT-RoPau)105033: Ascott Anthony Codice regista SPICS: 38821 39084, WEST TI VA STRETTO, AMICO... (IL) E' ARRIVATO ALLELUJA WEST TI VA STRETTO, AMICO... (IL) E' ARRIVATO ALLELUJA (Rif. Codice opera principale : V0722)